Bondad natural: una visión naturalista de la ética

Đã lưu trong:
Chi tiết về thư mục
Tác giả chính: Foot, Philippa (Tác giả)
Định dạng: Sách
Ngôn ngữ:Tiếng Tây Ban Nha
Được phát hành: Barcelona Paidós Ibérica 2002
Loạt:Paidós Contextos, 78
Những chủ đề:
Các nhãn: Thêm thẻ
Không có thẻ, Là người đầu tiên thẻ bản ghi này!

MARC

LEADER 00000nam a2200000 a 4500
001 UCL3202
003 CL-VaPUC
008 031114e20020000SP |||||||||||||||||spa|d
020 |a 8449312884 
082 0 4 |a 170  |b FOO  |2 21 
100 0 |a Foot, Philippa  |e author  |9 480452 
245 1 0 |a Bondad natural: una visión naturalista de la ética 
300 |a 220 p 
942 |c BK 
945 |d 20031114 00:00:00  |a cmena 
260 |a Barcelona  |b Paidós Ibérica  |c 2002 
650 0 |a Ética  |9 255099 
650 0 |a Virtud y vicio  |9 310637 
650 0 |a Filosofía moral   |9 310115 
650 0 |a Naturaleza humana   |9 308593 
583 |a last modification  |c 20031114 00:00:00  |k Rodrigo Vera 
490 0 |a Paidós Contextos, 78 
999 |c 306318  |d 306316 
952 |0 0  |1 0  |4 0  |6 170_000000000000000_FOO_2002  |7 0  |8 A  |9 371250  |a BIBEDU  |b BIBEDU  |d 2019-11-21  |i 3959848  |o 170 FOO 2002  |p 3959848  |r 2019-11-21  |w 2019-11-21  |y BK  |k FIL